000 00614nam a2200229Ia 4500
003 OSt
005 20220925220803.0
006 a|||||r|||| 00| 0
007 ta
008 220923b |||||||| |||| 00| 0 eng d
037 _cGeneral Book
040 _aRTL
_cRTL
_beng
041 _2eng
_aeng
082 _aU:58:N5, K4
100 _aMellor R E H
_993457
245 0 _aGeography of the USSR
260 _aLondon
_bMacmillan & Co Ltd
_c1964
300 _axv,403p.
_ccm.
650 _aGeography- Europe
_9231495
942 _hU:58:N5, K4
_cGB
_2CC
999 _c572457
_d572457